Southville International School and Colleges
Your cart is empty.
  • Cart
  • Lists
    Public lists list_1 View all
    Your lists Log in to create your own lists
  • Log in to your account
  • Your cookies
  • Search history
Southville International School and Colleges
  • Advanced search
  • Recent comments
  • Most popular
  • Libraries

Log in to your account

Log in with GOOGLE


If you do not have an external account, but do have a local account, you can still log in:

  1. Home
  2. MARC view: Reality television : the television phenomenon that changed the world
Normal view MARC view ISBD view

Reality television : the television phenomenon that changed the world (Record no. 366351)

[ view plain ]
MARC details
000 -LEADER
fixed length control field 00613nam a22001937a 4500
003 - CONTROL NUMBER IDENTIFIER
control field 0
005 - DATE AND TIME OF LATEST TRANSACTION
control field 20240923143316.0
008 - FIXED-LENGTH DATA ELEMENTS--GENERAL INFORMATION
fixed length control field 240923b xxu||||| |||| 00| 0 eng d
020 ## - INTERNATIONAL STANDARD BOOK NUMBER
International Standard Book Number 978-1-83909-024-0
050 ## - LIBRARY OF CONGRESS CALL NUMBER
Classification number PN 1992.8
Item number .D45 2020
100 ## - MAIN ENTRY--PERSONAL NAME
Personal name Deller, Ruth A.
245 ## - TITLE STATEMENT
Title Reality television : the television phenomenon that changed the world
Statement of responsibility, etc Deller, Ruth A.
260 ## - PUBLICATION, DISTRIBUTION, ETC. (IMPRINT)
Place of publication, distribution, etc United Kingdom
Name of publisher, distributor, etc Emerald publishing
Date of publication, distribution, etc C2020
300 ## - PHYSICAL DESCRIPTION
Extent xiv, 208p. :
Dimensions 20cm.
500 ## - GENERAL NOTE
General note Reality television programs.
500 ## - GENERAL NOTE
General note Reality television program--Great Britain.
650 ## - SUBJECT ADDED ENTRY--TOPICAL TERM
Topical term or geographic name as entry element Includes index.
942 ## - ADDED ENTRY ELEMENTS (KOHA)
Source of classification or shelving scheme Library of Congress Classification
Koha item type Books
Holdings
Withdrawn status Lost status Source of classification or shelving scheme Damaged status Home library Current library Shelving location Date acquired Source of acquisition Total Checkouts Full call number Barcode Date last seen Price effective from Koha item type
    Library of Congress Classification   College Library College Library Reserve Section 09/23/2024 Library Fund   PN 1992.8 .D45 2020 C23707 09/23/2024 09/23/2024 Books

Reality television : the television phenomenon that changed the world

APA

Deller R. A., . (2020). Reality television : the television phenomenon that changed the world. United Kingdom: Emerald publishing.

Chicago

Deller Ruth A, . 2020. Reality television : the television phenomenon that changed the world. United Kingdom: Emerald publishing.

Harvard

Deller R. A., . (2020). Reality television : the television phenomenon that changed the world. United Kingdom: Emerald publishing.

MLA

Deller Ruth A, . Reality television : the television phenomenon that changed the world. United Kingdom: Emerald publishing. 2020.

  • Place hold
  • Print
  • Cite
  • Add to your cart (remove)
  • Save record
    BIBTEX Dublin Core MARCXML MARC (non-Unicode/MARC-8) MARC (Unicode/UTF-8) MARC (Unicode/UTF-8, Standard) MODS (XML) RIS
  • More searches
    Search for this title in:
    Other Libraries (WorldCat) Other Databases (Google Scholar) Online Stores (Bookfinder.com) Open Library (openlibrary.org)

Exporting to Dublin Core...

SOUTHVILLE LIBRARY

Southville International School and Colleges Library

1281 Tropical Ave. Cor. Luxembourg St., BF Homes International, Las Pinas City

Tel. No. 8256374 / 252358 Loc. 117/146

Powered by Koha